Największe państwa ameryki południowej - Statystyki

Ogólne statystyki
  • Ten quiz został rozwiązany 44 razy
  • Średni wynik to 9 z 10
Statystyki odpowiedzi
Lp Odpowiedź Km² % Poprawnych
2(8) Argentyna 2 780 400
97%
7(37) Chile 756 102
97%
9(73) Ekwador 283 561
97%
8(59) Paragwaj 406 752
97%
1(5) Brazylia 8 515 767
94%
4(25) Kolumbia 1 138 910
94%
3(19) Peru 1 285 216
94%
6(32) Wenezuela 912 050
91%
5(27) Boliwia 1 098 581
89%
10(83) Gujana 214 969
77%
Nie znaleziono quizów pasujących do podanych kryteriów
Rozkład punktacji
Procent ludzi z każdym wynikiem
Percentyl według liczby udzielonych odpowiedzi
Twoja historia wyników
Nie rozwiązałeś tego quizu